ბათუმის შოთა რუსთაველის სახელმწიფო უნივერსიტეტის ბიბლიოთეკა

Основы взаимозаменяемости и технические измерения. (ბიბ.ჩანაწერი № 40799)

000 -LEADER
fixed length control field 00744nam a2200217Ia 4500
001 - CONTROL NUMBER
control field 7439
003 - CONTROL NUMBER IDENTIFIER
control field GE_BSU
008 - FIXED-LENGTH DATA ELEMENTS--GENERAL INFORMATION
fixed length control field 181216s||||||||xx |||||||||||||| ||und||
040 ## - CATALOGING SOURCE
Transcribing agency GE_BSU
080 ## - UNIVERSAL DECIMAL CLASSIFICATION NUMBER
Universal Decimal Classification number 621.758+681.2
100 ## - MAIN ENTRY--PERSONAL NAME
Personal name Дунин-Барковский,И.В.
245 ## - TITLE STATEMENT
Title Основы взаимозаменяемости и технические измерения.
245 ## - TITLE STATEMENT
Remainder of title Учеб. пособ.
245 ## - TITLE STATEMENT
Statement of responsibility, etc. Ред. Н.М.Карелин.
260 ## - PUBLICATION, DISTRIBUTION, ETC.
Place of publication, distribution, etc. М.
260 ## - PUBLICATION, DISTRIBUTION, ETC.
Name of publisher, distributor, etc. Машиностроение.
260 ## - PUBLICATION, DISTRIBUTION, ETC.
Date of publication, distribution, etc. 1964.
300 ## - PHYSICAL DESCRIPTION
Extent 304стр.22см.с илл.библиогр.:стр.298-300.
653 ## - INDEX TERM--UNCONTROLLED
Uncontrolled term Основы взаимозаменяемости и технические измерения.
942 ## - ADDED ENTRY ELEMENTS (KOHA)
Koha item type წიგნი
ეგზემპლარები
Withdrawn status Lost status Damaged status Not for loan Date acquired Barcode Date last seen Price effective from Koha item type
        2018-12-17 11041 2018-12-17 2018-12-17 წიგნი